Statistics for Random 2000's Artists By Song #3

Click here to take the quiz!

General Stats

  • This quiz has been taken 58 times
  • The average score is 9 of 15

Answer Stats

Song TitleArtist% Correct
Crazy In LoveBeyonce
96%
I Gotta FeelingBlack Eyed Peas
87%
Hey YaOutkast
79%
Hollaback GirlGwen Stefani
71%
Bye Bye ByeNSYNC
67%
All The Small ThingsBlink-182
63%
It Wasn't MeShaggy
60%
Drop It Like It's HotSnoop Dogg
60%
What A Girl WantsChristina Aguilera
52%
Blue (Da Ba Dee)Eiffel 65
48%
Paper PlanesM.I.A.
48%
UnwrittenNatasha Bedingfield
40%
SenoritaJustin Timberlake
33%
Float OnModest Mouse
25%
Ocean AvenueYellowcard
23%

Score Distribution

Percentile by Number Answered

Percent of People with Each Score

Your Score History

You have not taken this quiz